Szczegóły MARC21

Modellfall Autorenwörterbuch : die Nomina in Günter Grass' Erzählung Unkenrufe / Mirjam Blümm.

003 -Nazwa inst., której nr kontr. jest w polu 001 [,]
    • @
    • Nazwa instytucji, której n kontrolny jest w polu 001
    • NUKAT
005 -DATA I CZAS OSTATNIEJ MODYFIKACJI [,]
    • @
    • pole kontrolne
    • 20241231092353.0
020 -Międzynarod. znormalizowany nr książki - ISBN [ , ]
    • a
    • Numer ISBN
    • 9783777620978 Find
040 -Instytucja sporządzająca opis [ , ]
    • a
    • Instytucja, która sporządziła opis (NP)
    • GD U/Doro
    • b
    • Język katalogowania
    • pol
    • e
    • Zasady katalogowania
    • rda
    • c
    • Instytucja, która sporządziła rekord (NP)
    • GD U/Doros
    • d
    • Instytucja, która zmodyfikowała rekord (P)
    • SZCZ U/ML
942 -Rodzaj dokumentu [ , ]
    • c
    • Rodzaj dokumentu
    • Książka
100 -Hasło główne - nazwa osobowa [1, ]
    • a
    • Nazwa osobowa (NP)
    • Blümm, Mirjam.
    • e
    • Rodzaj współpracy
    • Autor
    • 9
    • KHW
    • 484803
245 -Strefa tytułu i oznaczenia odpowiedzialności [1,0]
    • a
    • Tytuł
    • Modellfall Autorenwörterbuch : Find
    • b
    • Ciąg dalszy tytułu (NP)
    • die Nomina in Günter Grass' Erzählung Unkenrufe / Mirjam Blümm. Find
260 -Strefa adresu wydawniczego [ , ]
    • a
    • Miejsce wydania (P)
    • Stuttgart :
    • b
    • Nazwa wydawcy (P)
    • S. Hirzel Verlag,
    • c
    • Data wydania (P)
    • 2012.
300 -Strefa opisu fizycznego [ , ]
    • a
    • Określenie formy książki i/lub objętość (NP)
    • 176 stron :
    • b
    • Oznaczenie ilustracji (NP)
    • ilustracje ;
    • c
    • Format (NP)
    • 24 cm +
    • e
    • Oznaczenie dokumentu towarzyszącego (NP)
    • CD : Stichwortbestand.
336 -Typ zawartości [ , ]
    • a
    • Termin opisujący typ zawartości
    • Tekst
    • b
    • Kod określający zawartość
    • txt
    • 2
    • Źródło (terminu i kodu)
    • rdacontent
337 -Typ mediów [ , ]
    • a
    • Tryb odtwarzania
    • Bez urządzenia pośredniczącego
    • b
    • Kod typu mediów
    • n
    • 2
    • Źródło (terminu i kodu)
    • rdamedia
338 -Typ/rodzaj nośnika [ , ]
    • a
    • Hasło opisujące typ nośnika
    • Wolumin
    • b
    • Kod typu nośnika
    • nc
    • 2
    • Źródło (terminu i kodu)
    • rdacarrier
490 -Strefa serii i książki wielotomowej - forma nie do wyszukiwania [1, ]
    • a
    • Tytuł (P)
    • Germanistik / Hirzel Verlag Find
830 -Hasło dodatkowe serii i opisu książki wielotomowej - tytuł ujednolicony/tytuł [ ,0]
    • a
    • Tytuł ujednolicony/tytuł (NP)
    • Germanistik - Hirzel
    • 9
    • KHW
    • 463171
504 -Uwaga dot. bibliogr. załącznikowej [ , ]
    • a
    • Uwaga dot. bibliografii załącznikowej
    • Bibliografia na stronach 167-176.
600 -Hasło przedmiotowe w formie nazwy osobowej [1,7]
    • a
    • Nazwa osobowa
    • Grass, Günter
    • d
    • Daty związane z nazwą
    • (1927-2015).
    • 2
    • Źródło terminu
    • kaba
    • 9
    • KHW
    • 236475
600 -Hasło przedmiotowe w formie nazwy osobowej [1,7]
    • a
    • Nazwa osobowa
    • Grass, Günter
    • d
    • Daty związane z nazwą
    • (1927-2015)
    • v
    • Określnik formalny
    • słowniki, indeksy.
    • 2
    • Źródło terminu
    • kaba
    • 9
    • KHW
    • 499558
600 -Hasło przedmiotowe w formie nazwy osobowej [1,7]
    • a
    • Nazwa osobowa
    • Grass, Günter
    • d
    • Daty związane z nazwą
    • (1927-2015)
    • x
    • Określnik rzeczowy
    • wkład do leksykografii.
    • 2
    • Źródło terminu
    • kaba
    • 9
    • KHW
    • 499559
710 -Hasło dodatkowe - nazwa ciała zbiorowego [2, ]
    • a
    • Nazwa ciała zbiorowego lub nazwa geograficzna jako pierwszy element (NP)
    • S.-Hirzel-Verlag.
    • e
    • Rodzaj współpracy
    • Wydawca
    • 4
    • Kod relacji
    • pbl
    • 9
    • KHW
    • 314185
920 -ISBN [ , ]
    • a
    • ISBN
    • 978-3-7776-2097-8 Find
Sygnatura Status udost. Lokalizacja Data inwentaryzacji Numer inwentarzowy
Germ. Literaturozn. - Grass 18-3BM2019-03-20G.20302